A short history of psychiatry/ (Record no. 920)

MARC details
000 -LEADER
fixed length control field 00476nam a2200169 a 4500
005 - DATE AND TIME OF LATEST TRANSACTION
control field 20260322212039.0
008 - FIXED-LENGTH DATA ELEMENTS--GENERAL INFORMATION
fixed length control field data
010 ## - LIBRARY OF CONGRESS CONTROL NUMBER
LC control number 59-2551
096 ## - LOCALLY ASSIGNED NLM-TYPE CALL NUMBER (OCLC)
Classification number WM 11 A57s 1959
001 - CONTROL NUMBER
control field data
100 1# - MAIN ENTRY--PERSONAL NAME
Personal name Ackerknecht, Erwin Heinz,
Dates associated with a name 1906-
245 12 - TITLE STATEMENT
Title A short history of psychiatry/
Statement of responsibility, etc. Erwin Heinz Ackerknecht.
260 ## - PUBLICATION, DISTRIBUTION, ETC.
Place of publication, distribution, etc. New York
Name of publisher, distributor, etc. Hafner Pub. Co.
Date of publication, distribution, etc. c1959
300 ## - PHYSICAL DESCRIPTION
Extent 98 p. ;
Dimensions illus.
500 ## - GENERAL NOTE
General note Translation of Kurze Geschichte der Psychiatrie.
650 02 - SUBJECT ADDED ENTRY--TOPICAL TERM
Topical term or geographic name entry element Psychiatry
General subdivision history
Holdings
Withdrawn status Lost status Damaged status Not for loan Home library Current library Shelving location Date acquired Total checkouts Full call number Barcode Date last seen Price effective from Koha item type
        Centerville Centerville General stacks 22/03/2026   GEN BC0010950 22/03/2026 22/03/2026 Books